000 00540nam a22001817a 4500
005 20251108164051.0
008 250721s1998 xx 000 0 ara d
082 1 4 _a323.409565/جرا
100 1 _aجرادات، صالح أحمد
245 1 0 _aحقوق المواطن الأردني /
264 1 _aعمان :
_bمطبعة الروزنا،
_c1998.
300 _a260ص.
650 1 7 _aالحقوق المدنية و السياسية
650 1 7 _aالأردن
650 1 7 _aحقوق الإنسان
942 _2ddc
_cBK
999 _c2779
_d2779